| 000 | 00348nam a22001457a 4500 | ||
|---|---|---|---|
| 008 | 221201b ||||| |||| 00| 0 eng d | ||
| 020 | _a9780131392182 | ||
| 041 | _aeng | ||
| 080 |
_2THIRD EDITION _a159.9 |
||
| 082 | _a159.9 DRE | ||
| 100 | _a25 | ||
| 101 | _aPSI | ||
| 245 |
_aPSYCHOSOCIAL ASPECTS OF HEALTH CARE _cDRENCH E M |
||
| 942 |
_2udc _cBK |
||
| 999 |
_c59060 _d59060 |
||